Welcome to WEB OPAC of MRSPTU Central Library

Power supplies (Record no. 1885)

MARC details
000 -LEADER
fixed length control field 00364nam a2200157Ia 4500
008 - FIXED-LENGTH DATA ELEMENTS--GENERAL INFORMATION
fixed length control field 230711s9999||||xx |||||||||||||| ||und||
041 ## - LANGUAGE CODE
Language code of text/sound track or separate title ENG
082 ## - DEWEY DECIMAL CLASSIFICATION NUMBER
Classification number 621
Item number SA-P
100 ## - MAIN ENTRY--PERSONAL NAME
Personal name Sasi Kumar,M
245 #0 - TITLE STATEMENT
Title Power supplies
250 ## - EDITION STATEMENT
Edition statement 1st
260 ## - PUBLICATION, DISTRIBUTION, ETC.
Date of publication, distribution, etc. 1992
Place of publication, distribution, etc. New Delhi
Name of publisher, distributor, etc. Wiley Eastern Limited
300 ## - PHYSICAL DESCRIPTION
Extent 66
650 ## - SUBJECT ADDED ENTRY--TOPICAL TERM
Topical term or geographic name entry element Electrical Engineering
942 ## - ADDED ENTRY ELEMENTS (KOHA)
Koha item type Book
Holdings
Withdrawn status Lost status Damaged status Not for loan Collection Home library Current library Date acquired Total checkouts Full call number Barcode Date last seen Price effective from Koha item type
          MRSPTU Central Library MRSPTU Central Library     621 SA-P 8336 08/17/2023 08/17/2023 Book
          MRSPTU Central Library MRSPTU Central Library     621 SA-P 10572 08/17/2023 08/17/2023 Book
          MRSPTU Central Library MRSPTU Central Library     621 SA-P 10573 08/17/2023 08/17/2023 Book
          MRSPTU Central Library MRSPTU Central Library     621 SA-P 10574 08/17/2023 08/17/2023 Book
          MRSPTU Central Library MRSPTU Central Library     621 SA-P 10575 08/17/2023 08/17/2023 Book
          MRSPTU Central Library MRSPTU Central Library     621 SA-P 10576 08/17/2023 08/17/2023 Book
          MRSPTU Central Library MRSPTU Central Library     621 SA-P 10577 08/17/2023 08/17/2023 Book
          MRSPTU Central Library MRSPTU Central Library     621 SA-P 10578 08/17/2023 08/17/2023 Book
          MRSPTU Central Library MRSPTU Central Library     621 SA-P 10579 08/17/2023 08/17/2023 Book
          MRSPTU Central Library MRSPTU Central Library     621 SA-P 10580 08/17/2023 08/17/2023 Book
          MRSPTU Central Library MRSPTU Central Library     621 SA-P 10581 08/17/2023 08/17/2023 Book

Website Designed and Developed by MRSPTU Central Library Team

E-mail Id: librarian@mrsptu.ac.in